<?xml version="1.0" encoding="UTF-8"?>
<collection xmlns="http://www.loc.gov/MARC21/slim">
 <record>
  <leader>01399nam a2200181Ia 4500</leader>
  <controlfield tag="001">CTU_108570</controlfield>
  <controlfield tag="008">210402s9999    xx            000 0 und d</controlfield>
  <datafield tag="082" ind1=" " ind2=" ">
   <subfield code="a">519.5</subfield>
  </datafield>
  <datafield tag="082" ind1=" " ind2=" ">
   <subfield code="b">A648</subfield>
  </datafield>
  <datafield tag="245" ind1=" " ind2="0">
   <subfield code="a">Applied linear regression models</subfield>
  </datafield>
  <datafield tag="245" ind1=" " ind2="0">
   <subfield code="c">Jhon Neter ... [ et al. ]</subfield>
  </datafield>
  <datafield tag="260" ind1=" " ind2=" ">
   <subfield code="a">Chicago</subfield>
  </datafield>
  <datafield tag="260" ind1=" " ind2=" ">
   <subfield code="b">Irwin</subfield>
  </datafield>
  <datafield tag="260" ind1=" " ind2=" ">
   <subfield code="c">1983</subfield>
  </datafield>
  <datafield tag="520" ind1=" " ind2=" ">
   <subfield code="a">Applied Linear Regression Models was listed in the newsletter of the Decision Sciences Institute as a classic in its field and a text that should be on every member's shelf. The third edition continues this tradition. It is a successful blend of theory and application. The authors have taken an applied approach, and emphasize understanding concepts; this text demonstrates their approach trough worked-out examples. Sufficient theory is provided so that applications of regression analysis can be carried out with understanding. John Neter is past president of the Decision Science Institute, and Michael Kutner is a top statistician in the health and life sciences area. Applied Linear Regression Models should be sold into the one-term course that focuses on regression models and applications. This is likely to be required for undergraduate and graduate students majoring in allied health, business, economics, and life sciences.</subfield>
  </datafield>
  <datafield tag="650" ind1=" " ind2=" ">
   <subfield code="a">Regression analysis</subfield>
  </datafield>
  <datafield tag="904" ind1=" " ind2=" ">
   <subfield code="i">Hiếu</subfield>
  </datafield>
  <datafield tag="980" ind1=" " ind2=" ">
   <subfield code="a">Trung tâm Học liệu Trường Đại học Cần Thơ</subfield>
  </datafield>
 </record>
</collection>
